01079nabaa22002177a 4500999001500000003000400015005001700019008004100036040000700077100002300084245013100107300001300238505024700251505008900498650003200587650003200619650003800651650003900689773012000728942001300848 c6126d6126OSt20260122215154.0190701b xxu||||| |||| 00| 0 spa d cPJ 96883aMonti, Laura13aLa administración pública frente a la ley inconstitucional e inconvencional :breflexiones e interrogantes /cLaura Monti. ap. 13-19 aSumario: I. Introducción.— II. ¿Qué matices o novedades se han planteado, en las últimas dos décadas aproximadamente, sobre estos conceptos?— III. ¿Cuáles son las posturas que existen sobre el tema?—IV. Conclusiones y dudas. t¿Te interesa el texto completo? Comunicate al correo: koha@justierradelfuego.gov.ar 09211aDERECHO ADMINISTRATIVO 09877aADMINISTRACION PUBLICA 096132aCONTROL DE CONVENCIONALIDAD 09755aCONTROL DE CONSTITUCIONALIDAD0 0284293251dBuenos Aires : AbeledoPerrot, 2012-oDA121tDerecho administrativo. Nº 148 julio/agosto 2023z18510590 2udccANA